Bilecik Bilecik Bilecik Bilecik Bilecik

Siyasi tarihi ve müesseseleriyle Delhi Türk imparatorluğu/ (Record no. 8066)

MARC details
000 -BAŞLIK
Sabit Uzunluktaki Kontrol Alanı 00948nam a22003017a 4500
001 - KONTROL NUMARASI
Control Dosyası 0008093
003 - KONTROL NUMARASI KİMLİĞİ
Kontrol Alanı KOHA_MİRAKIL
005 - EN SON İŞLEM TARİHİ ve ZAMANI
Kontrol Alanı 20260207001621.0
007 - FİZİKSEL TANIM SABİT ALAN - GENEL BİLGİ
Sabit uzunluklu kontrol alanı ta
008 - SABİT UZUNLUKTAKİ VERİ ÖGELERİ - GENEL BİLGİ
Sabit Alan 091007b tu |||gr||||#||||0|tur |
040 ## - KATALOGLAMA KAYNAĞI
Özgün Kataloglama Kurumu TR-BiSEU
Kataloglama Dili tur
Çeviri Kurumu TR-BiSEU
Açıklama Kuralları rda
041 0# - DİL KODU
Metin ya da ses kaydının dil kodu tur
044 ## - YAYINLAYAN/ÜRETEN KURULUŞUN ÜLKE KODU
ISO country code tu
050 ## - SINIFLAMA ve YER NUMARASI
Sınıflama Numarası DS28
Yer Numarası .A36 [t.y.]
100 1# - KİŞİ ADI
Yazar Adı (Kişi adı) Ahmet, M. Aziz.
245 1# - ESER ADI BİLDİRİMİ
Başlık Siyasi tarihi ve müesseseleriyle Delhi Türk imparatorluğu/
Sorumluluk Bildirimi M. Aziz Ahmet ; M. Aziz Ahmet; editör Tansu Say.
264 #1 - ÜRERİM, YAYIN, DAĞITIM ve TELİF BİLDİRİMİ
Yayın yeri İstanbul :
Yayınlayan Tercüman
Yayın tarihi [t.y.]
300 ## - FİZİKSEL TANIMLAMA
Sayfa, Cilt vb. 336 sayfa
336 ## - İÇERİK TÜRÜ
Content type term metin
Content type code txt
Source rdacontent
337 ## - MEDYA TÜRÜ
Media type term aracısız
Media type code n
Source rdamedia
338 ## - TAŞIYICI TÜRÜ
Carrier type term cilt
Carrier type code nc
Source rdacarrier
490 1# - DİZİ BİLDİRİMİ
Dizi Bildirimi Tercüman 1001 temel eser serisi ;
Cilt Numarası 60.
500 ## - GENEL NOT
Genel Not Kaynakça var.
650 #0 - KONU BAŞLIĞI EK GİRİŞ - KONU TERİMİ
Konusal terim veya coğrafi ad Turkey--History 1288-1453.
9 (RLIN) 13484
650 #0 - KONU BAŞLIĞI EK GİRİŞ - KONU TERİMİ
Konusal terim veya coğrafi ad Türkiye--Tarih 1288-1453.
9 (RLIN) 13526
830 1# - SERİ EK GİRİŞİ - TEKBİÇİM ESER ADI
Tekbiçim Başlık Tercüman 1001 temel eser serisi ;
Volume number/sequential designation 60.
9 (RLIN) 20010
942 ## - EK GİRİŞ ÖGELERİ (KOHA)
Source of classification or shelving scheme Library of Congress Classification
Koha item type Book
Holdings
Materyal Türü Kalıcı Konum Mevcut Konum Raf Yeri Sınıflandırma Kaynağı Edinim Bilgisi Ana Konular Alt Konular Yer Numarası Demirbaş Numarası Fatura Tarihi Maliyet, Alış Fiyatı Maliyet, Yenileme Fiyatı Geri Çekilme Durumu Kayıp Durumu Hasarlı Durumu Kredi için değil Kayıt Tarih Toplam Ödünçverme Son Görülme Tarihi Son Kontrol Tarihi Genel / Bağış Notu
Book Prof. Dr. Azmi Özcan Kütüphanesi Prof. Dr. Azmi Özcan Kütüphanesi Uluğbey Salonu Library of Congress Classification Bağış DÜNYA TARİHİ (AVRUPA, ASYA, AFRİKA VB.) Asya DS28 .A36 [t.y.] 0008093 13/08/2010 3.00 3.00         07/10/2009   05/12/2024 05/12/2024 Genel Bağış